000
00429nam a2200145Ia 4500
008
100204s9999 xx 000 0 und d
082
_b
9543
100
_a
शिरवळकर सुहास
245
_a
दास्तान
260
_b
"मधुर पब्लिकेशन , पुणे 2"
_c
1987
300
_a
204
630
_a
दास्तान
730
_a
दास्तान
942
_c
BOOK
999
_c
453979
_d
453976